000 01967cam a22005294i 4500
003 PE-LiUPU
005 20250731165554.0
008 150616s r 000 0 d
035 _a(Sirsi) a3504
035 _a(Sirsi) a3504
040 _aPE-LiUPU
_bspa
_cPE-LiUPU
_erda
049 _aPRUA
082 0 4 _a203
_bF19
_221
100 1 _aFallows, Samuel,
_eautor.
245 1 0 _aBible encyclopedia and scriptural dictionary :
_bfully defining and explaining all religious terms, biographical, geographical, historical, archeological and doctrinal themes.
_n3 /
_cSamuel Fallows, Andrew C. Zenos, Herbert L. Willett.
264 1 _aChicago :
_bThe Howard-Severance Company,
_c1906.
300 _apáginas 1265-1754 :
_bilustraciones fotos, mapas, dibjs., láms. ;
_c28 cm.
336 _atext
_2rdacontent
337 _aunmediated
_2rdamedia
338 _avolume
_2rdacarrier
490 0 _aThe Popular and Criticla ;
_v3
505 0 _aO -- T.
526 _aSEG44
526 _aSEG26
526 _aP151
526 _aP150
526 _aP149
526 _aP146
526 _aP145
526 _aP126
526 _aP125
526 _aP92
526 _aP75
526 _aP74
526 _aP27
526 _aP15
630 _aBiblia
_vDiccionarios.
_95969
700 1 _aZenos, Andrew C.,
_eeditor.
700 1 _aWillett, Herbert L.,
_eeditor.
910 _ajck
_bjvq
_cjck
942 _2ddc
_cBOOK
949 _aRC 203 F19 3
_wDEWEY
_c1
_i22084
_lRC
_mBUL
_r0
_sY
_tBOOK
_u2015-6-16
_xTEOLOGIA
_zUNKNOWN
_0COMPRA
_o.CIRCNOTE. No olvidar cambiar la fecha de devolución!!!!!!!
_o.STAFF. Colección General
994 _aC0
_bPEPRU
596 _a1
999 _aRC 203 F19 3
_wDEWEY
_c42963
_i22084
_f2021-11-8
_g6
_lCCODEBUL1
_mBUL
_r1
_sY
_tBOOK
_u2015-6-16
_xTEOLOGIA
_zUNKNOWN
_0COMPRA
_o.CIRCNOTE. No olvidar cambiar la fecha de devolución!!!!!!!
_o.STAFF. Colección General
_d42963
980 _81
_gALBERTO SANCHEZ Responsable de Automatización